| 000 | 00568na a2200205 4500 | ||
|---|---|---|---|
| 001 | 23247 | ||
| 003 | MIRAKIL | ||
| 005 | 20181213154757.0 | ||
| 008 | 170818b tu 000 0 | ||
| 040 |
_aMilas _btur _cTR-AnCHP |
||
| 041 | _atur | ||
| 110 | _aTürkiye Büyük Millet Meclisi (TBMM) | ||
| 245 |
_aDilekçe hakkı ve TBMM dilekçe Komisyonu _cTBMM |
||
| 260 |
_aAnkara _bTBMM _c2005 _fTBMM Basımevi |
||
| 300 |
_a70 s. _c23 sm. |
||
| 490 |
_aTanıtım kitapları serisi _v15 |
||
| 500 | _aGEÇİCİ KATALOG KAYDIDIR. | ||
| 942 |
_2ddc _cBKS |
||
| 999 |
_c693 _d693 |
||